Reverzné inžinierstvo v montáži

Enregistré dans:
Détails bibliographiques
Auteur principal: Pipich, Matúš (Auteur)
Autres auteurs: Lecký, Šimon (Directeur de thèse)
Format: Manuscrit Livre
Langue:slovaque
Publié: 2018
Sujets:
Accès en ligne:http://is.stuba.sk/zp/portal_zp.pl?podrobnosti=123401
Tags: Ajouter un tag
Pas de tags, Soyez le premier à ajouter un tag!

MARC

LEADER 00000ntm a22000003a 4500
001 stuzp67703
003 SK-STU
005 20180820155027.0
007 ta
008 150427s2015----xo-----f-mn---000-0-slo-d
040 |a STU  |b slo 
041 0 |a slo 
100 1 |a Pipich, Matúš  |u 063000  |4 aut  |U MTF Materiálovotechnologická fakulta  |T MTF Ústav výrobných technológií  |X 76046  |U M3000  |Y 83  |7 76046 
242 0 1 |a Reverse engineering in assembly  |y eng 
245 1 0 |a Reverzné inžinierstvo v montáži 
260 |c 2018 
650 4 |a Reverzné inžinierstvo  |2 slo 
650 4 |a Montáž  |2 slo 
650 4 |a Prípravok  |2 slo 
650 4 |a STL model  |2 slo 
650 4 |a STL model  |2 eng 
650 4 |a Reverse engineering  |2 eng 
650 4 |a Assembly  |2 eng 
650 4 |a Product  |2 eng 
700 1 |a Lecký, Šimon  |u 063000  |k Z3  |4 ths  |U MTF Materiálovotechnologická fakulta  |T MTF Ústav výrobných technológií  |X 45826  |U M3000  |Y 83  |7 A000045826 
856 4 |u http://is.stuba.sk/zp/portal_zp.pl?podrobnosti=123401 
996 |c M* BP-8389  |l MMSKP  |s P  |a 0  |w stuzp67703_0001